000 00575nam a2200193Ia 4500
003 GCL
008 140319s9999 xx 000 0 ara d
040 _aGCL /
_cGCL
082 0 4 _a312
_bص.ا
100 1 _aصلاح الدين نايف
245 1 0 _aاقتصاديات السكان فى ظل التضخم السكانى /
_cصلاح الدين نايف
260 _a[S.N] :
_bدار المعارف ،
_c1980
300 _a206 ص
490 _a
650 0 4 _aالاقتصاد
650 0 4 _aالسكان
650 0 4 _aالانفجار السكانى
942 _2ddc
_cBK
999 _c50595
_d50595